[Event "Joinville op U220"]
[Site "Joinville"]
[Date "2017.02.19"]
[Round "6"]
[White "Melleras, Eitan"]
[Black "Borges, Guilherme Deola"]
[Result "0-1"]
[WhiteElo "1821"]
[BlackElo "2092"]
[PlyCount "70"]
[EventDate "2017.02.17"]
[EventType "swiss"]
[EventRounds "7"]
[EventCountry "BRA"]
[SourceTitle "CBM 177 Extra"]
[Source "ChessBase"]
[SourceDate "2017.04.27"]
[SourceVersion "1"]
[SourceVersionDate "2017.04.27"]
[SourceQuality "1"]

1. d4 Nf6 2. c4 g6 3. Nc3 Bg7 4. e4 d6 5. Nf3 0-0 6. Be2 e5 7. d5 a5 8. 0-0 Na6 9. Bg5 h6 10. Be3 Ng4 11. Bd2 f5 12. Qc1 f4 13. Na4 Bd7 14. Qd1 Nf6 15. Nc3 g5 16. h3 Qe8 17. Nh2 h5 18. f3 Qg6 19. Nb5 b6 20. Rb1 g4 21. fxg4 hxg4 22. Bxg4 Nxg4 23. Nxg4 Qxe4 24. Rc1 Qg6 25. a3 Rf5 26. Qc2 Qh5 27. Qd1 Rg5 28. Rf3 Qg6 29. Qf1 Bxg4 30. hxg4 Rxg4 31. Nc3 Bf6 32. Be1 Kf7 33. Rd1 Nc5 34. Qe2 Rg8 35. Rf2 Bh4 0-1

[Event "Joinville op U220"]
[Site "Joinville"]
[Date "2017.02.18"]
[Round "5"]
[White "Melleras, Eitan"]
[Black "Torres, Eduardo Lisboa"]
[Result "1-0"]
[WhiteElo "1821"]
[BlackElo "1929"]
[PlyCount "49"]
[EventDate "2017.02.17"]
[EventType "swiss"]
[EventRounds "7"]
[EventCountry "BRA"]
[SourceTitle "CBM 177 Extra"]
[Source "ChessBase"]
[SourceDate "2017.04.27"]
[SourceVersion "1"]
[SourceVersionDate "2017.04.27"]
[SourceQuality "1"]

1. d4 Nf6 2. c4 e6 3. Nc3 d5 4. Bg5 Nbd7 5. e3 h6 6. Bh4 Bb4 7. cxd5 exd5 8. Nf3 g5 9. Bg3 Ne4 10. Qc2 Nxg3 11. hxg3 c6 12. a3 Be7 13. Bd3 b5 14. e4 g4 15. Nd2 a6 16. exd5 Nf6 17. dxc6 Qxd4 18. 0-0 Be6 19. Nde4 Nxe4 20. Bxe4 Qc5 21. Rfd1 Rd8 22. Rxd8+ Bxd8 23. Rd1 h5 24. Qd2 0-0 25. Qh6 1-0